00465nam a22001097a 4500020001800000082001700018245013300035260003300168300001500201520011400216700002500330 a9780700701032 a297.4 bREL- aReligion in South Asia: bReligious Conversion and Revival Movements in south Asia in Medieval and Modern times cBy G.A. Oddie  aNew Delhi :bManohar,c2023. aviii,204p. aReligion in South Asia: Religious Conversion and Revival Movements in South Asia in Medieval and Modern Times aOddie, G,A.eeditor.